Pokémon - Les attaques de Courrousinge - Statistiques

Statistiques générales
  • Ce quiz a été pris 15 fois
  • Le résultat moyen est 14 sur 19
Statistiques - réponses
Niveaux Types Noms des attaques % Correct
Niveau 39 Combat Close Combat
100%
Niveau 53 Dragon Colère
100%
Départ Normal Groz'Yeux
100%
Départ Combat Riposte
100%
Niveau 8 Combat Balayage
83%
Niveau 5 Normal Combo-Griffe
83%
Niveau 22 Combat Coup Croix
83%
Niveau 12 Combat Frappe Atlas
83%
Départ Normal Griffe
83%
Départ Normal Puissance
83%
Niveau 48 Sol Trépignement
83%
Niveau 30 Normal Mania
67%
Niveau 35 Spectre Poing de Colère
67%
Départ Évolution Spectre Poing Ombre
67%
Niveau 57 Combat Tout ou Rien
67%
Niveau 26 Ténèbres Assurance
50%
Départ Ténèbres Dégommage
50%
Niveau 44 Normal Grincement
50%
Niveau 17 Normal Vantardise
33%
Aucun quiz correspondant
Distribution des résultats
% des personnes avec chaque résultat
Percentile par nombre de réponses
Votre historique - résultats
Vous n’avez pas pris ce quiz